000 00266nam a22001337a 4500
008 210429b ||||| |||| 00| 0 eng d
041 _aeng
080 _a72
082 _a72
100 _a41
101 _aARK
245 _aArchitect
_cRajnis,M
942 _2udc
_cBK
999 _c56999
_d56999